Нормален изглед
MARC изглед
- Майер, Максим М.
Вход 01. Лично име
001 - Контролен номер на записа
- Контролно поле: 485462
003 - Код на организацията, даваща контролен номер
- Контролно поле: BLK
005 - Дата и час на последна промяна на записа
- Контролно поле: 20250117140656.0
008 - Данни с фиксирана дължина – обща информация
- Данни с фиксирана дължина : 221214|| aca||aabn | a|a d
100 ## - ИМЕ НА ЛИЦЕ -ПЪРВИЧНА ИНТЕЛЕКТУАЛНА ОТГОВОРНОСТ
- Лично име: Майер, Максим М.
- Друга информация: Журналист. Преводач от английски език.
942 ## - Системна служебна употреба
- Koha auth type: PERSO_NAME